000 00428nam a2200181Ia 4500
001 15453
005 20260306170157.0
008 260306t2010||||xx |||||||||||||| ||und||
041 _aESP
082 _a540
_bM86
100 _aMoreno, Patricia Susana
_eAUT
245 0 _aNociones básicas de química
260 _c2010
300 _a227 páginas :
_c28 cm.
650 _aGEN
654 _aCCN
942 _cLIB
_dJUS
_fJUS
_2ddc
_n
999 _c15453
_d15453